[Event "Mittelrhein Verbandsliga-M 1112"]
[Site "Germany"]
[Date "2012.05.20"]
[Round "11.3"]
[White "Trommsdorff, Uwe"]
[Black "Asselborn, Juergen"]
[Result "0-1"]
[WhiteElo "1942"]
[BlackElo "2028"]
[PlyCount "90"]
[EventDate "2011.09.18"]
[EventType "team-tourn"]
[EventRounds "11"]
[EventCountry "GER"]
[SourceTitle "EXT 2013"]
[Source "ChessBase"]
[SourceDate "2012.11.22"]
[SourceVersion "1"]
[SourceVersionDate "2012.11.22"]
[SourceQuality "1"]
[WhiteTeam "Rheinpark BSG"]
[BlackTeam "Kalker/Deutzer SG"]
[WhiteTeamCountry "GER"]
[BlackTeamCountry "GER"]

1. e4 e6 2. g3 b6 3. Bg2 Bb7 4. Ne2 f5 5. Nbc3 Nf6 6. d3 Be7 7. 0-0 0-0 8. e5 Nd5 9. Nxd5 Bxd5 10. Bxd5 exd5 11. Nf4 d4 12. Qf3 Nc6 13. Re1 Nb4 14. Re2 c6 15. a3 Na6 16. h4 Nc7 17. Kg2 Rc8 18. Bd2 Ne6 19. Rh1 Rf7 20. Bc1 Qf8 21. Ree1 a5 22. h5 Qd8 23. c3 dxc3 24. bxc3 Bg5 25. d4 Bxf4 26. gxf4 b5 27. Bb2 Qb6 28. Qe3 Rb8 29. Rh3 Qb7 30. Rd1 Nc7 31. Rg3 Qa6 32. Rg1 b4 33. axb4 axb4 34. Kh2 Nd5 35. e6 Nxe3 36. exf7+ Kxf7 37. Rxg7+ Ke6 38. fxe3 Qe2+ 39. R1g2 Qxh5+ 40. Kg3 bxc3 41. Bxc3 Rb3 42. Rh2 Qd1 43. Bd2 h5 44. Rg6+ Kd5 45. Rg5 Ke4 0-1

[Event "Mittelrhein Verbandsliga-M 1112"]
[Site "Germany"]
[Date "2012.05.06"]
[Round "10.3"]
[White "Gourevitch, Mikhail"]
[Black "Trommsdorff, Uwe"]
[Result "1/2-1/2"]
[WhiteElo "2043"]
[BlackElo "1942"]
[PlyCount "68"]
[EventDate "2011.09.18"]
[EventType "team-tourn"]
[EventRounds "11"]
[EventCountry "GER"]
[SourceTitle "EXT 2013"]
[Source "ChessBase"]
[SourceDate "2012.11.22"]
[SourceVersion "1"]
[SourceVersionDate "2012.11.22"]
[SourceQuality "1"]
[WhiteTeam "Aachen Aufwaerts III"]
[BlackTeam "Rheinpark BSG"]
[WhiteTeamCountry "GER"]
[BlackTeamCountry "GER"]

1. e4 g6 2. d4 Bg7 3. Nf3 d6 4. Bc4 Nc6 5. 0-0 e5 6. dxe5 dxe5 7. Qxd8+ Nxd8 8. Nc3 c6 9. Be3 Be6 10. Bb3 Ne7 11. Rad1 Bxb3 12. axb3 Ne6 13. b4 b6 14. Rd6 Rd8 15. Rxd8+ Kxd8 16. Ng5 Nxg5 17. Bxg5 f6 18. Be3 Kc7 19. Ra1 Kb7 20. Rd1 Kc7 21. b5 Rd8 22. Ra1 Kb7 23. Kf1 c5 24. Ke2 h6 25. f3 f5 26. g4 f4 27. Bf2 Bf6 28. b3 Rd7 29. Ke1 Nc8 30. Ke2 Bd8 31. Nd5 Nd6 32. c4 Ne8 33. h4 Nc7 34. Rh1 Ne6 1/2-1/2

[Event "Mittelrhein Verbandsliga-M 1112"]
[Site "Germany"]
[Date "2012.04.15"]
[Round "9.3"]
[White "Trommsdorff, Uwe"]
[Black "Siepelmeyer, Joerg"]
[Result "1-0"]
[WhiteElo "1942"]
[BlackElo "2009"]
[PlyCount "75"]
[EventDate "2011.09.18"]
[EventType "team-tourn"]
[EventRounds "11"]
[EventCountry "GER"]
[SourceTitle "EXT 2013"]
[Source "ChessBase"]
[SourceDate "2012.11.22"]
[SourceVersion "1"]
[SourceVersionDate "2012.11.22"]
[SourceQuality "1"]
[WhiteTeam "Rheinpark BSG"]
[BlackTeam "Langenfeld III"]
[WhiteTeamCountry "GER"]
[BlackTeamCountry "GER"]

1. e4 c5 2. g3 Nc6 3. Bg2 g6 4. Ne2 Bg7 5. 0-0 Nf6 6. d3 d6 7. Nbc3 0-0 8. f4 Bd7 9. h3 Rb8 10. g4 b5 11. Ng3 b4 12. Nce2 Ne8 13. Qe1 Nc7 14. Kh2 Nb5 15. Rf2 Qa5 16. e5 dxe5 17. Ne4 Nbd4 18. Nxd4 Nxd4 19. Be3 exf4 20. Bxf4 e5 21. Bg3 Qb6 22. c3 bxc3 23. bxc3 Nb5 24. Rb1 f5 25. c4 fxe4 26. Bxe4 Rxf2+ 27. Bxf2 Qa6 28. cxb5 Qxa2 29. Ra1 Qb2 30. Rxa7 Bxb5 31. Kg3 Qb4 32. Qa1 Be8 33. Qa2+ Kh8 34. Qe6 Qb6 35. Qxb6 Rxb6 36. Ra8 Bf8 37. Rxe8 Kg7 38. Rxf8 1-0

[Event "Mittelrhein Verbandsliga-M 1112"]
[Site "Germany"]
[Date "2012.01.15"]
[Round "5.4"]
[White "Mueller, Achim"]
[Black "Trommsdorff, Uwe"]
[Result "0-1"]
[WhiteElo "1770"]
[BlackElo "1942"]
[PlyCount "132"]
[EventDate "2011.09.18"]
[EventType "team-tourn"]
[EventRounds "11"]
[EventCountry "GER"]
[SourceTitle "EXT 2013"]
[Source "ChessBase"]
[SourceDate "2012.11.22"]
[SourceVersion "1"]
[SourceVersionDate "2012.11.22"]
[SourceQuality "1"]
[WhiteTeam "Rheinbacher SF II"]
[BlackTeam "Rheinpark BSG"]
[WhiteTeamCountry "GER"]
[BlackTeamCountry "GER"]

1. d4 d6 2. c4 g6 3. Nc3 Bg7 4. e4 Nc6 5. Be3 e5 6. d5 Nce7 7. Bd3 f5 8. f3 Nf6 9. Qd2 b6 10. Nge2 f4 11. Bf2 g5 12. h3 h5 13. 0-0-0 Kf7 14. Kb1 g4 15. hxg4 hxg4 16. Rdf1 Ng6 17. Nc1 Bd7 18. Be2 Qe7 19. Nd3 a5 20. Qd1 g3 21. Be1 Nh4 22. Rhg1 Nxg2 23. Rxg2 Bh3 24. Rgg1 Bxf1 25. Bxf1 Rh2 26. Bg2 Nh7 27. Bd2 Ng5 28. Qf1 Rah8 29. Be1 Qd7 30. Nc1 Bf6 31. Nb3 R8h4 32. Nd2 Kg6 33. Ne2 Nh3 34. Rh1 Rxh1 35. Bxh1 Qa4 36. Nc3 Qb4 37. Ne2 Nf2 38. Bg2 Nd3 39. b3 Qc5 40. Nc1 Nxe1 41. Qxe1 Rh2 42. Qf1 Qe3 43. Kc2 Kf7 44. Ne2 Bd8 45. Nc3 Ke8 46. Nb5 Qc5 47. Nc3 Bg5 48. Kb2 Kd8 49. Kc2 Ke8 50. Kb2 Bd8 51. Kc2 Kf7 52. Kb2 Kg6 53. Kc2 Kg5 54. Kb2 Kh4 55. Nd1 a4 56. bxa4 Qb4+ 57. Nb3 Qxa4 58. Nc3 Qa8 59. Nb5 Qb7 60. Qe2 Be7 61. Nc3 c6 62. dxc6 Qxc6 63. Nd5 Bd8 64. Nb4 Qc8 65. Nc2 b5 66. cxb5 Bb6 0-1

[Event "Mittelrhein Verbandsliga-M 1112"]
[Site "Germany"]
[Date "2011.12.11"]
[Round "4.3"]
[White "Hoffmann, Hans Paul"]
[Black "Trommsdorff, Uwe"]
[Result "1/2-1/2"]
[WhiteElo "1837"]
[BlackElo "1942"]
[PlyCount "26"]
[EventDate "2011.09.18"]
[EventType "team-tourn"]
[EventRounds "11"]
[EventCountry "GER"]
[SourceTitle "EXT 2013"]
[Source "ChessBase"]
[SourceDate "2012.11.22"]
[SourceVersion "1"]
[SourceVersionDate "2012.11.22"]
[SourceQuality "1"]
[WhiteTeam "Koeln Muelheim II"]
[BlackTeam "Rheinpark BSG"]
[WhiteTeamCountry "GER"]
[BlackTeamCountry "GER"]

1. Nf3 d6 2. d4 g6 3. c4 Bg7 4. Nc3 Nc6 5. d5 Nb8 6. Bd2 Nd7 7. g3 Ngf6 8. Rc1 0-0 9. Bg2 h6 10. 0-0 Nc5 11. Nd4 e5 12. dxe6 fxe6 13. b4 Na6 1/2-1/2

[Event "NRW Class1 0708"]
[Site "Germany"]
[Date "2007.09.16"]
[Round "1.7"]
[White "Trommsdorff, Uwe"]
[Black "Schott, Guido"]
[Result "0-1"]
[WhiteElo "1965"]
[BlackElo "2185"]
[PlyCount "52"]
[EventDate "2007.09.16"]
[EventType "team"]
[EventRounds "9"]
[EventCountry "GER"]
[SourceTitle "EXT 2009"]
[Source "ChessBase"]
[SourceDate "2008.11.26"]
[SourceVersion "1"]
[SourceVersionDate "2008.11.26"]
[SourceQuality "1"]
[WhiteTeam "Rheinpark BSG"]
[BlackTeam "Koeln Porz II"]
[WhiteTeamCountry "GER"]
[BlackTeamCountry "GER"]

1. e4 c6 2. g3 d5 3. Nc3 dxe4 4. Nxe4 Bf5 5. Bg2 Nd7 6. Ne2 Ngf6 7. d3 e5 8. 0-0 Nxe4 9. dxe4 Be6 10. b3 Bc5 11. h3 h5 12. Kh2 Qe7 13. f4 f6 14. Qe1 0-0-0 15. Nc3 exf4 16. gxf4 g5 17. Be3 gxf4 18. Bxc5 Qxc5 19. Rxf4 Rhg8 20. Na4 Qe5 21. Qc1 Nf8 22. Kh1 Ng6 23. Rf2 Nh4 24. Qb2 Qg3 25. Qxf6 Rg6 26. Qf4 Qxf4 0-1